Những vấn đề chủ yếu của pháp luật kế toán

Salvato in:
Dettagli Bibliografici
Autore principale: Lê, Minh Phương
Natura: Libro
Lingua:Undetermined
Pubblicazione: Hà Nội Tư Pháp 2005
Soggetti:
Tags: Aggiungi Tag
Nessun Tag, puoi essere il primo ad aggiungerne! !
Thư viện lưu trữ: Trung tâm Học liệu Trường Đại học Cần Thơ
LEADER 00552nam a2200193Ia 4500
001 CTU_105165
008 210402s9999 xx 000 0 und d
020 |c 19000 
082 |a 352.4 
082 |b Ph561 
100 |a Lê, Minh Phương 
245 0 |a Những vấn đề chủ yếu của pháp luật kế toán 
245 0 |c Lê Minh Phương 
260 |a Hà Nội 
260 |b Tư Pháp 
260 |c 2005 
650 |a Accounting law 
904 |i Nguyên 
980 |a Trung tâm Học liệu Trường Đại học Cần Thơ